000 00410pam a2200157a 44500
008 230515b1987 xxu||||| |||| 00| 0 eng d
020 _a0-273-02506-6
041 _aENGL
082 _a658 APP.
100 _a"APPLEBY R. C.,"
245 _aMODERRN BUSINESS ADMINISTRATION
250 _a0
260 _aLONDON
_bPITMAN PUBLISHERS
_c1987
300 _aXVI+478
650 _a"MANAGEMENT,BUSINESS ADMINISTRATION"
999 _c539186
_d539186